| 000 | 00522nam a22001817a 4500 | ||
|---|---|---|---|
| 003 | 0 | ||
| 005 | 20231128120117.0 | ||
| 008 | 231128b xxu||||| |||| 00| 0 eng d | ||
| 020 | _a978-0-394-80001-1 | ||
| 050 |
_aTR _bCa28 2003 |
||
| 082 |
_aTR _bCa28 2003 |
||
| 100 | _aSeuss, Dr. | ||
| 245 |
_aThe cat in the hat _cDr. Seuss |
||
| 260 |
_aBoston _bHoughton, Miffin _cc2003. |
||
| 300 |
_a61 pages ; _bblack and white illustrations ; _c24 cm. |
||
| 650 | _aChildren's stories--study and teaching. | ||
| 942 |
_2ddc _cBK |
||
| 999 |
_c365683 _d365683 |
||